|
|
|
|
| LEADER |
00000cam a22000004a 4500 |
| 001 |
musev2_12295 |
| 003 |
MdBmJHUP |
| 005 |
20230905041353.0 |
| 006 |
m o d |
| 007 |
cr||||||||nn|n |
| 008 |
971211s1997 onc o 00 0 eng d |
| 010 |
|
|
|z 97224452
|
| 020 |
|
|
|a 9780889205666
|
| 020 |
|
|
|z 9780889203068
|
| 020 |
|
|
|z 0889205663
|
| 035 |
|
|
|a (OCoLC)45844400
|
| 040 |
|
|
|a MdBmJHUP
|c MdBmJHUP
|
| 043 |
|
|
|a n-cn---
|
| 050 |
0 |
4 |
|a KE4395
|b .W34 1997
|
| 082 |
0 |
|
|a 342.71/0873
|2 21
|
| 100 |
1 |
|
|a Walker, James W. St. G.,
|d 1940-
|
| 245 |
1 |
0 |
|a "Race," Rights and the Law in the Supreme Court of Canada :
|b Historical Case Studies /
|c James W. St. G. Walker.
|
| 264 |
|
1 |
|a [Waterloo, Ont.?] :
|b Wilfrid Laurier University Press,
|c 1997.
|
| 264 |
|
3 |
|a Baltimore, Md. :
|b Project MUSE,
|c 2012
|
| 264 |
|
4 |
|c ©1997.
|
| 300 |
|
|
|a 1 online resource (464 pages).
|
| 336 |
|
|
|a text
|b txt
|2 rdacontent
|
| 337 |
|
|
|a computer
|b c
|2 rdamedia
|
| 338 |
|
|
|a online resource
|b cr
|2 rdacarrier
|
| 504 |
|
|
|a Includes bibliographical references and index.
|
| 588 |
|
|
|a Description based on print version record.
|
| 650 |
|
0 |
|a Race discrimination
|x Law and legislation
|z Canada
|x History
|y 20th century.
|
| 650 |
|
0 |
|a Race discrimination
|x Law and legislation
|z Canada
|x Cases.
|
| 610 |
1 |
0 |
|a Canada.
|b Supreme Court.
|
| 655 |
|
7 |
|a Electronic books.
|2 local
|
| 710 |
2 |
|
|a Osgoode Society for Canadian Legal History.
|
| 710 |
2 |
|
|a Project Muse.
|e distributor
|
| 830 |
|
0 |
|a Book collections on Project MUSE.
|
| 856 |
4 |
0 |
|z Texto completo
|u https://projectmuse.uam.elogim.com/book/12295/
|
| 945 |
|
|
|a Project MUSE - Custom Collection
|
| 945 |
|
|
|a Project MUSE - Archive Complete Foundation
|
| 945 |
|
|
|a Project MUSE - Archive Political Science and Policy Studies Foundation
|